000 01343cam a2200145 4500500
005 20251214001916.0
041 _afre
042 _adc
100 1 0 _aLascoumes, Pierre
_eauthor
700 1 0 _aLe Galès, Patrick
_eauthor
245 0 0 _aSociologie de l'action publique
260 _bArmand Colin,
_c2018.
520 _aCes dernières années, les domaines d’intervention de l’État ont proliféré. De multiples acteurs économiques et sociaux, territoriaux et transnationaux, ont été également mobilisés et interfèrent avec l’État. Ce manuel permet de comprendre ces dynamiques et leurs transformations. Il reprend les principaux concepts et modèles d’analyse et présente une synthèse à partir de deux questions fondamentales :- Qu’est-ce qu’une politique publique ?Un commandement émanant d’une autorité centrale afin de résoudre un problème au nom du bien commun ; ou bien un vaste espace de négociation entre une multitude d’acteurs privés et publics ?- Comment changent les politiques publiques ?Par des mobilisations sociales appelant à une régulation publique ; ou bien en fonction des contextes institutionnels qui formatent ces demandes, selon leurs logiques internes ?
856 4 1 _uhttps://shs.cairn.info/sociologie-de-l-action-publique--9782200621674?lang=fr&redirect-ssocas=7080
999 _c1566562
_d1566562